<?xml version="1.0" encoding="UTF-8"?>
<collection xmlns="http://www.loc.gov/MARC21/slim">
 <record>
  <leader>00953pam a22002658a 4500</leader>
  <controlfield tag="001">00043855</controlfield>
  <controlfield tag="005">20190322160344.0</controlfield>
  <controlfield tag="008">170711s2016                  ||||||viesd</controlfield>
  <datafield tag="020" ind1="#" ind2="#">
   <subfield code="a">9780547125329</subfield>
   <subfield code="c">145000</subfield>
  </datafield>
  <datafield tag="041" ind1="0" ind2="#">
   <subfield code="a">eng</subfield>
  </datafield>
  <datafield tag="082" ind1="1" ind2="4">
   <subfield code="a">540</subfield>
   <subfield code="b">CH202</subfield>
  </datafield>
  <datafield tag="100" ind1="1" ind2="#">
   <subfield code="a">Zumdahl, Steven S.</subfield>
  </datafield>
  <datafield tag="245" ind1="0" ind2="0">
   <subfield code="a">Chemistry</subfield>
   <subfield code="c">Steven S. Zumdahl, Susan A. Zumdahl</subfield>
  </datafield>
  <datafield tag="250" ind1="#" ind2="#">
   <subfield code="a">8th ed.</subfield>
  </datafield>
  <datafield tag="260" ind1="#" ind2="#">
   <subfield code="a">Belmont, CA</subfield>
   <subfield code="b">Brooks/Cole, Cengage Learning</subfield>
   <subfield code="c">2010</subfield>
  </datafield>
  <datafield tag="300" ind1="#" ind2="#">
   <subfield code="a">xxv, 1064, 94 p.</subfield>
   <subfield code="c">28 cm.</subfield>
   <subfield code="b">ill</subfield>
  </datafield>
  <datafield tag="500" ind1="#" ind2="#">
   <subfield code="a">photo, chia 2 quyển</subfield>
  </datafield>
  <datafield tag="653" ind1="#" ind2="#">
   <subfield code="a">Hóa học đại cương</subfield>
  </datafield>
  <datafield tag="653" ind1="#" ind2="#">
   <subfield code="a">Hợp chất</subfield>
  </datafield>
  <datafield tag="653" ind1="#" ind2="#">
   <subfield code="a">Kiến thức</subfield>
  </datafield>
  <datafield tag="653" ind1="#" ind2="#">
   <subfield code="a">Phản ứng</subfield>
  </datafield>
  <datafield tag="700" ind1="1" ind2="#">
   <subfield code="a">Zumdahl, Susan A.</subfield>
  </datafield>
  <datafield tag="852" ind1="#" ind2="#">
   <subfield code="j">KD.0025183</subfield>
   <subfield code="j">KM.0028164</subfield>
   <subfield code="j">KM.0028167</subfield>
   <subfield code="j">KM.0028168</subfield>
   <subfield code="j">KM.0028171</subfield>
   <subfield code="j">KD.0025184</subfield>
   <subfield code="j">KM.0028166</subfield>
   <subfield code="j">KM.0028163</subfield>
   <subfield code="j">KM.0028169</subfield>
   <subfield code="j">KM.0028170</subfield>
   <subfield code="j">KM.0028165</subfield>
   <subfield code="j">KM.0028172</subfield>
  </datafield>
  <datafield tag="910" ind1="#" ind2="#">
   <subfield code="d">22/3/2019</subfield>
  </datafield>
  <datafield tag="980" ind1="#" ind2="#">
   <subfield code="a">Trung tâm Học liệu Lê Vũ Hùng, Trường Đại học Đồng Tháp</subfield>
  </datafield>
 </record>
</collection>
